Empoli Best Scorer By Year - Statistics

General Stats
  • This quiz has been taken 80 times
    25 since last reset
  • The average score is 6 of 16
Answer Stats
Player % Correct
Francesco Caputo
90%
Carmine Esposito
80%
Sebastiano Esposito
80%
Francesco Tavano
70%
Massimo Maccarone
70%
Andrea Pinamonti
40%
Antonio Di Natale
40%
Tommaso Rocchi
30%
Luca Saudati
25%
M'Baye Niang
25%
Nicola Pozzi
25%
Arturo Di Napoli
15%
Nicolò Cambiaghi
10%
Enrico Cucchi
5%
Johnny Ekström
5%
Levan Mchedlidze
5%
No matching quizzes found
Score Distribution
Percent of People with Each Score
Percentile by Number Answered
Your Score History
You have not taken this quiz since the last reset